000
00304nam a22001337a 4500
008
181029b xxu||||| |||| 00| 0 eng d
020
_a
2740351743574
041
_a
eng
080
_2
3rd
_a
159.9
100
_a
49
101
_a
PSI
245
_a
Invitation to the Life Span
_c
Berger,K.S
942
_2
udc
_c
BK
999
_c
50962
_d
50962